Τα πλοία Kamsarmax στη bulk ναυτιλία του 21ου αιώνα : διπλωματική εργασία

Αποθηκεύτηκε σε:
Λεπτομέρειες βιβλιογραφικής εγγραφής
Κύριος συγγραφέας: Γκίκας, Χρήστος
Συγγραφή απο Οργανισμό/Αρχή: Πανεπιστήμιο Αιγαίου Σχολή Επιστημών της Διοίκησης Τμήμα Ναυτιλίας και Επιχειρηματικών Υπηρεσιών Πρόγραμμα Μεταπτυχιακών Σπουδών "Ναυτιλία, Μεταφορές και Διεθνές Εμπόριο - ΝΑ.Μ.Ε."
Άλλοι συγγραφείς: Θανοπούλου, Ελένη Α. (Εισηγητής διατριβής)
Μορφή: Thesis Βιβλίο
Γλώσσα:Greek
Δημοσίευση: 2014
Θέματα:
Διαθέσιμο Online:http://hdl.handle.net/11610/13077
Ετικέτες: Προσθήκη ετικέτας
Δεν υπάρχουν, Καταχωρήστε ετικέτα πρώτοι!

MARC

LEADER 00000cam a2200000 i 4500
001 1/32026
008 130619s2014 gre d
035 |l 10114843 
040 |a GR-MY-UA  |b gre  |e aacr 
041 0 |a gre 
082 0 |a 387.245  |2 (22) 
100 1 |a Γκίκας, Χρήστος. 
245 1 3 |a Τα πλοία Kamsarmax στη bulk ναυτιλία του 21ου αιώνα :  |b διπλωματική εργασία /  |c Γκίκας Χρήστος ; επιβλέπουσα: Θανοπούλου Ελένη 
260 |c 2014 
300 |a 55 σ.;  |b πίν., διαγρ.;  |c 30 εκ. 
502 # # |a Διατριβή (μεταπτυχιακή) – Πανεπιστήμιο Αιγαίου, Χίος, 2011. 
504 |a Περιλαμβάνει βιβλιογραφία 
650 0 0 |a Bulk carrier cargo ships. 
650 0 0 |a Tonnage. 
650 0 0 |a Ships  |x Measurement. 
650 0 0 |a Dissertations, Academic  |z Greece. 
700 1 |4 ths  |a Θανοπούλου, Ελένη Α. 
710 1 |a Πανεπιστήμιο Αιγαίου  |b Σχολή Επιστημών της Διοίκησης  |b Τμήμα Ναυτιλίας και Επιχειρηματικών Υπηρεσιών  |b Πρόγραμμα Μεταπτυχιακών Σπουδών "Ναυτιλία, Μεταφορές και Διεθνές Εμπόριο - ΝΑ.Μ.Ε.". 
852 |a INST  |b CHIOS  |c DIATR  |e 20130619  |h 387.245 ΓΚΙ  |p 005200033337  |q 005200033337  |t MTXE  |y 23 
852 |a INST  |b CHIOS  |c DIATR  |e 20130619  |h 387.245 ΓΚΙ  |p 005200033338  |q 005200033338  |t MTXE  |y 23 
856 |u http://hdl.handle.net/11610/13077 
901 |a BIBL2-2013-2 
909 |a Χ  |b 175683 
909 |a Χ  |b 175684 
924 |a ΓΚΙΚΑΣ  |b ΧΡΗΣΤΟΣ  |y ΧΙΟΣ  |z 2011-10 
970 |a ΠΑΡΟΙΚΑΚΗ  |b ΒΑΣΙΛΙΚΗ  |z 2013/06/19